[Event "II Criciúma Chess Open - A1700 - 12-18"]
[Site "Criciúma SC"]
[Date "2024.01.16"]
[Round "7.19"]
[White "Borger, David Lupovici"]
[Black "Jenidarchiche, Douglas Rodrigo"]
[Result "1-0"]
[WhiteElo "1899"]
[BlackElo "1845"]
[PlyCount "133"]
[EventDate "2024.01.12"]
[EventRounds "9"]
[EventCountry "BRA"]

1. e4 {CB} e5 2. Bc4 Nf6 3. d3 c6 4. Nf3 d5 5. Bb3 Bd6 6. exd5 cxd5 7. Bg5 ({RR
} 7. O-O Nc6 8. Bg5 Be6 9. Nc3 Bc7 10. Nb5 Bb6 11. Re1 a6 12. Nc3 Qd6 13. Bh4
O-O 14. Bxf6 gxf6 15. Qd2 Kg7 ({RR} 15... Kh8 16. Qh6) 16. Ne2 Qb4 ({RR} 16...
Rg8) 17. c3 ({RR} 17. Qxb4 Nxb4) 17... Qg4 18. d4 Rad8 19. h3 Qg6 20. Ng3 e4
21. Nh4 Qg5 {Kamsky,G (2720)-Gelfand,B (2733) Bazna 2009 CBM 131 [CB] 1/2-1/2 
(32)}) 7... Be6 ({RR} 7... d4 8. Nbd2 O-O 9. Ne4 Be7 10. Bxf6 Bxf6 11. h3 Nc6
12. Qe2 a5 13. a4 Be7 14. O-O Kh8 15. Bc4 Bd7 16. Bb5 f6 17. Nfd2 Rc8 18. Nc4
Be6 19. Bxc6 Rxc6 20. Ned2 Bb4 21. b3 Re8 22. Ne4 {Ritam Nag (2010)-Matviishen,
V (2507) Dulles USA 2022 0-1 (49)}) 8. Nc3 Bb4 $146 ({RR} 8... Qa5 9. O-O Nbd7
10. Qe1 Qc5 11. Bxf6 Nxf6 12. Nxe5 O-O 13. Nf3 Rfe8 14. d4 Qb6 15. Qd1 Bg4 16.
h3 Bxf3 17. Qxf3 Qxd4 18. Nb5 Qe5 19. Nxd6 Qxd6 20. Rad1 Qb6 21. c3 h6 22. Rfe1
Qb5 23. g3 {Taulbut,S (2380)-Scheeren,P (2415) Copenhagen 1981 1/2-1/2 (54)}) (
{RR} 8... Qa5 9. O-O Nbd7 10. Qe1 Rc8 11. d4 Bb4 12. Bd2 Bxc3 13. Bxc3 Rxc3 14.
bxc3 e4 15. Ng5 O-O 16. c4 Qxe1 17. Raxe1 h6 18. Nxe6 fxe6 19. f3 exf3 20. Rxf3
Rc8 21. cxd5 exd5 22. Re7 Rd8 23. Rg3 {Delchev,A (2601)-Jovanic,O (2475) Zadar
2004 1-0}) ({RR} 8... Bc7 9. O-O Nc6 10. Re1 a6 11. Bh4 O-O 12. h3 Re8 13. Ng5
Nd4 14. Nf3 Nf5 15. Bg5 h6 16. Bxf6 gxf6 17. g4 Ng7 18. Nh4 Ba5 19. Qf3 Bxc3
20. bxc3 Rc8 21. Nf5 Bxf5 22. gxf5 Qd7 23. Bxd5 {Moiseenko,V (2327)-Kurilin,A 
(2335) Rilsk 2017 1/2-1/2 (60)}) 9. O-O Bxc3 10. bxc3 Nbd7 11. Re1 Qc7 12. Nxe5
Nxe5 13. Bf4 Nfd7 14. d4 Qxc3 15. dxe5 Nb6 16. Be3 O-O 17. Bd4 Qc7 18. Re3 a5
19. c3 Nc4 20. Bxc4 dxc4 21. Qh5 Rfd8 22. a4 Rd5 23. h3 Ra6 24. Qf3 b5 25. Qe4
Qd7 26. g4 b4 27. f4 g6 28. Rf1 bxc3 29. Bxc3 Rd1 30. Rxd1 Qxd1+ 31. Re1 Qd7
32. Qf3 Bd5 33. Rd1 Qa7+ 34. Qf2 Qxf2+ 35. Kxf2 Be6 36. Rd8+ Kg7 37. f5 gxf5
38. gxf5 Rb6 39. fxe6 fxe6 40. Rc8 Rb3 41. Rxc4 Ra3 42. h4 Kg6 43. Bxa5 Kf5 44.
Bc7 h5 45. a5 Kg6 46. Rf4 Kg7 47. Kg2 Rc3 48. Bd8 Rc5 49. a6 Rc2+ 50. Rf2 Rc8
51. Bf6+ Kf7 52. a7 Ra8 53. Ra2 Ke8 54. Kf3 Kd7 55. Kf4 Ke8 56. Kg5 Kf7 57.
Kxh5 Rg8 58. Bg5 Rh8+ 59. Kg4 Ra8 60. h5 Kg7 61. Bd8 Kh6 62. Ra6 Kh7 63. Bc7
Rg8+ 64. Kf3 Ra8 65. Bb8 Kh6 66. Rxe6+ Kxh5 67. Kf4 1-0

[Event "II Criciúma Chess Open - A1700 - 12-18"]
[Site "Criciúma SC"]
[Date "2024.01.16"]
[Round "7.20"]
[White "Pimenta, Elisandro Da Silva"]
[Black "Torella, Rodolfo"]
[Result "0-1"]
[WhiteElo "1829"]
[BlackElo "1878"]
[PlyCount "74"]
[EventDate "2024.01.12"]
[EventRounds "9"]
[EventCountry "BRA"]

1. e4 c5 2. Nf3 d6 3. d4 cxd4 4. Qxd4 Nf6 5. Nc3 Nc6 6. Bb5 Bd7 7. Bxc6 Bxc6 8.
Bg5 e6 9. O-O-O Be7 10. e5 dxe5 11. Qxe5 ({RR} 11. Qh4 Qa5 12. Rhe1 Bxf3 13.
gxf3 Rc8 14. Qa4+ Qxa4 15. Nxa4 Nd7 16. Bxe7 Kxe7 17. Rd3 Rhd8 18. Red1 Nb6 19.
Nxb6 axb6 20. c3 Rxd3 21. Rxd3 Rd8 22. Re3 Rd5 23. Kc2 b5 24. Re4 f5 25. Re3
Kf6 {Yonal,T (1953)-Tutisani,N (2419) chess.com INT 2021 0-1 (69)}) 11... Qb8 (
{RR} 11... Qc8 12. Nd4 O-O 13. f3 Nd7 14. Qg3 Bxg5+ 15. Qxg5 Nf6 16. Nxc6 Qxc6
17. Rd4 h6 18. Qd2 a6 19. Rd1 Rfc8 20. h4 b5 21. Qe2 Qc7 22. g4 Qg3 23. h5 Re8
24. Ne4 Qf4+ 25. Kb1 Nxe4 26. Rxe4 {Huebner,R (2560)-Bosch,J (2460) Germany
1998 1/2-1/2 (67)}) 12. Rhe1 $146 ({RR} 12. Qe3 Qc7 ({RR} 12... h6 13. Bf4 Qc8
14. Ne5 b5 15. a3 a5 16. Qd3 b4 17. Nxc6 Qxc6 18. Nb5 O-O 19. a4 Rfd8 20. Qf3
Qxf3 21. Rxd8+ Rxd8 22. gxf3 Nd5 23. Be5 f6 24. Bd4 Rc8 25. b3 e5 26. Be3 Kf7
27. Rd1) 13. Ne5 O-O 14. Nxc6 Qxc6 15. f3 Rfc8 16. Qe2 Kf8 17. Kb1 h6 18. Bc1
Qc4 19. Rd3 Rc6 20. b3 Qc5 21. Bb2 Rac8 22. Rc1 Qa5 23. Nb5 Nd5 24. c4 Bg5 25.
Rcd1 Nf4 26. Qd2 Qb6 {Yukhtman,J-Aronin,L Baku (Azerbaijan) 1958 1-0 (33)}) ({
RR} 12. Qe3 Qc7 13. Ne5 O-O 14. Nxc6 Qxc6 15. f3 Rfc8 16. Qe2 Kf8 17. Kb1 a6
18. Rd3 b5 19. Rhd1 b4 20. Bxf6 gxf6 21. Ne4 f5 22. Ng3 ({RR} 22. Nd6) 22...
Bg5 23. Nh5 Qc5 24. g3 ({RR} 24. f4) 24... Rd8 25. h4 Rxd3 26. Rxd3 Rd8 {
Stoliar,E-Aronin,L Voronezh /Russia) 1959 1-0 (41)}) ({RR} 12. Qd4 O-O 13. Ne5
Rd8 14. Nxc6 bxc6 15. Qc4 Qb6 16. Be3 Qb7 17. Rxd8+ Rxd8 18. Bc5 Nd5 19. Bxe7
Qxe7 20. Nxd5 cxd5 21. Qd4 Rc8 22. f4 Rc4 23. Qe5 f6 24. Qb8+ Kf7 25. Re1 Rb4
26. Qh8 Rxb2 {Egorova,E (2112)-Bronnikova,E (2243) St Petersburg 2006 0-1 (53)}
) 12... O-O 13. Qe3 Rd8 14. Bf4 Rxd1+ 15. Rxd1 Qe8 16. h3 b5 17. Be5 b4 18.
Bxf6 Bxf6 19. Ne4 Bxe4 20. Qxe4 a5 21. g4 g6 22. h4 a4 23. g5 Bg7 24. Ne5 b3
25. a3 bxc2 26. Rd2 Rb8 27. f4 Qb5 28. Rxc2 Qf1+ 29. Kd2 Qf2+ 30. Kc1 Qf1+ 31.
Kd2 Rd8+ 32. Nd3 e5 33. Rc1 Qf2+ 34. Qe2 Qxf4+ 35. Kc2 Qc4+ 36. Kd2 Qd4 37. Kc2
e4 0-1

[Event "II Criciúma Chess Open - A1700 - 12-18"]
[Site "Criciúma SC"]
[Date "2024.01.16"]
[Round "7.21"]
[White "Ribeiro, Dionatan Lua Franze"]
[Black "Cardoso, Leandro Ubialli"]
[Result "1/2-1/2"]
[WhiteElo "1820"]
[BlackElo "1842"]
[PlyCount "98"]
[EventDate "2024.01.12"]
[EventRounds "9"]
[EventCountry "BRA"]

1. e4 e6 2. d4 d5 3. Nd2 dxe4 4. Nxe4 Bd7 5. Bd3 Bc6 6. Nf3 Nd7 7. O-O Ngf6 8.
Re1 Bxe4 9. Bxe4 Nxe4 10. Rxe4 Nf6 11. Re1 c5 ({RR} 11... Be7 12. c3 O-O 13.
Bg5 {1/2-1/2 (13) Zhuravliov,V (2485)-Oll,L (2585) Vilnius 1993}) ({RR} 11...
Be7 12. Bg5 O-O 13. Qd3 h6 14. Bh4 c5 15. Rad1 cxd4 16. Nxd4 Re8 17. Qb3 Qc8
18. h3 a6 19. Qg3 Qc4 20. Nf5 exf5 21. Rxe7 f4 22. Qa3 g5 23. Qd6 Qc6 24. Rxe8+
Rxe8 25. Qb4 Qxc2 26. Rf1 {Golizadeh,A (2455)-Jobava,B (2588) chess.com INT
2022 0-1 (49)}) 12. Be3 cxd4 13. Bxd4 $146 ({RR} 13. Qxd4 Qxd4 14. Bxd4 Be7 15.
Rad1 O-O 16. Rd3 Nd5 17. a3 Rac8 18. Rc1 f6 19. g3 Bc5 20. Bxc5 Rxc5 21. Nd4
Kf7 22. f4 a6 23. Nb3 Rc7 24. f5 Nb6 25. fxe6+ Kxe6 26. Nd4+ Kf7 27. b3 Rfc8 {
Vasquez,I (1607)-Londono,R (1600) Cali 2008 1-0 (52)}) 13... Be7 14. c4 O-O 15.
Qe2 Bb4 16. Red1 Qe7 17. a3 Bc5 18. Bc3 a5 19. Ne5 Rfc8 20. Rd3 a4 21. Rg3 Bd6
22. f4 Ne8 23. Rf1 Bxe5 24. Qxe5 Qc5+ 25. Qxc5 Rxc5 26. Rd3 Nf6 27. Rfd1 h6 28.
Rd8+ Rxd8 29. Rxd8+ Kh7 30. Bxf6 gxf6 31. Rd4 Kg6 32. Kf2 Kf5 33. Kf3 h5 34. g3
e5 35. Re4 Rc6 36. c5 Rxc5 37. Rxa4 Rb5 38. b4 b6 39. Ra7 Rd5 40. Ke3 e4 41.
Ra6 Rd3+ 42. Ke2 Kg4 43. Rxb6 Rxa3 44. Rxf6 Rb3 45. Rxf7 Rxb4 46. Rg7+ Kh3 47.
Rg5 Kxh2 48. f5 Rb3 49. g4 hxg4 1/2-1/2

[Event "II Criciúma Chess Open - A1700 - 12-18"]
[Site "Criciúma SC"]
[Date "2024.01.16"]
[Round "7.22"]
[White "Gomes, Maria Eduarda Papin"]
[Black "Mariano, Kaiki Pereira"]
[Result "1-0"]
[WhiteElo "1744"]
[BlackElo "1700"]
[PlyCount "65"]
[EventDate "2024.01.12"]
[EventRounds "9"]
[EventCountry "BRA"]

1. d4 d5 2. c4 e6 3. Nc3 Be7 4. cxd5 exd5 5. h3 ({RR} 5. Qc2 Nc6 6. Bf4 Bd6 7.
Bxd6 Qxd6 8. e3 Nge7 9. a3 Bf5 10. Bd3 Bxd3 11. Qxd3 O-O 12. Nf3 Na5 13. O-O
Nc4 14. b3 Nb6 15. b4 a6 16. Rfe1 Ng6 17. h4 Rfe8 18. h5 Nf8 19. e4 Qh6 {
Rambaldi,F (2388)-Kravtsiv,M (2601) Cappelle-la-Grande 2014 1/2-1/2}) 5... c6
6. Bf4 Nf6 $146 ({RR} 6... Bd6 7. Bxd6 Qxd6 8. e3 Bf5 9. Nge2 Qb4 10. Qd2 Ne7
11. Nf4 Nd7 12. g4 Bg6 13. h4 h5 14. Nxg6 Nxg6 15. g5 Nb6 16. O-O-O O-O-O 17.
Bd3 Ne7 18. Kb1 Kb8 19. Rc1 g6 20. a3 Qd6 21. Na2 {Laurusas,T (2557)
-Grabarczyk,M (2371) Katowice POL 2021 1/2-1/2 (67)}) 7. e3 O-O 8. Bd3 Bd6 9.
Nge2 Qc7 10. Qc2 Re8 11. O-O-O Bxf4 12. Nxf4 Nbd7 13. Ncxd5 Qa5 14. Nc3 b5 15.
g4 Nf8 16. g5 N6d7 17. h4 b4 18. Nb1 Ba6 19. h5 Bxd3 20. Qxd3 Qxa2 21. g6 fxg6
22. hxg6 h6 23. Rd2 Nb6 24. b3 Qa5 25. Rh5 Nd5 26. Qc4 Rac8 27. Rc2 Kh8 28.
Rxd5 cxd5 29. Qxc8 Qb5 30. Qg4 Qf1+ 31. Kb2 a5 32. Nxd5 a4 33. Qe2 1-0

[Event "II Criciúma Chess Open - A1700 - 12-18"]
[Site "Criciúma SC"]
[Date "2024.01.16"]
[Round "7.23"]
[White "Cardoso, Lucas Emanuel Alves"]
[Black "Cunha E Silva, Carlos Alberto V."]
[Result "1-0"]
[WhiteElo "1710"]
[BlackElo "1984"]
[PlyCount "95"]
[EventDate "2024.01.12"]
[EventRounds "9"]
[EventCountry "BRA"]

1. e4 c5 2. Nf3 d6 3. d4 cxd4 4. Nxd4 Nf6 5. Nc3 a6 6. f3 e5 7. Nb3 Be7 8. Be3
Be6 9. Qd2 Nc6 10. O-O-O Rc8 11. Kb1 b5 12. Nd5 Bxd5 13. exd5 Nb8 14. g4 O-O
15. h4 Nfd7 $146 ({RR} 15... Nbd7 16. h5 Nb6 17. Bxb6 Qxb6 18. g5 Nd7 19. Bh3
Rc7 20. g6 f5 21. gxh7+ Kh8 22. Rdg1 f4 23. Qg2 Bf6 24. Bxd7 Rxd7 25. Nd2 Qd4
26. Ne4 Qxd5 27. h6 Qf7 28. Rh5 d5 29. Nxf6 Qxf6 30. Rf5 {McShane,L (2438)
-Bjornsson,T (2224) ICC INT 2000 1-0 (32)}) 16. g5 f5 17. gxf6 Bxf6 18. Bh3 Rc4
19. Bg5 Bxg5 20. Be6+ Kh8 21. hxg5 Rff4 22. Qh2 Nf8 23. Rdg1 Rh4 24. Qxh4 Rxh4
25. Rxh4 Nxe6 26. dxe6 h6 27. Rh2 Kh7 28. gxh6 gxh6 29. Rgh1 Nc6 30. Rxh6+ Kg7
31. Rh7+ Kf6 32. Rd7 Qb8 33. Rh6+ Kg5 34. Rdh7 Qf8 35. Rh1 Qe8 36. R7h6 Kf4 37.
Nd2 Nd4 38. Rf6+ Ke3 39. Ne4 Nxe6 40. Re1+ Kd4 41. Nxd6 Qg8 42. Nf5+ Kc5 43.
Rxe5+ Kc4 44. Rfxe6 Qg1+ 45. Re1 Qf2 46. R6e4+ Kd5 47. Ne7+ Kd6 48. f4 1-0

[Event "II Criciúma Chess Open - A1700 - 12-18"]
[Site "Criciúma SC"]
[Date "2024.01.16"]
[Round "7.24"]
[White "Frankental, David"]
[Black "Spritzer, Abrao Rafael"]
[Result "1-0"]
[WhiteElo "1939"]
[BlackElo "1811"]
[PlyCount "63"]
[EventDate "2024.01.12"]
[EventRounds "9"]
[EventCountry "BRA"]

1. Nf3 d5 2. d4 Nf6 3. c4 dxc4 4. Qa4+ c6 5. Qxc4 e6 6. Nc3 b5 7. Qd3 a6 8. e4
c5 9. Bg5 ({RR} 9. dxc5 Bxc5 10. Qxd8+ Kxd8 11. e5 Ng4 12. Bg5+ Ke8 13. O-O-O
Nd7 14. Ne4 Bb7 15. Nxc5 Nxc5 16. Bh4 Ne4 17. Rd4 Rc8+ 18. Kb1 Nexf2 19. h3
Nxh1 20. hxg4 h5 21. g5 g6 22. Be2 Ke7 23. Be1 h4 {Navara,D (2672)-Kramnik,V 
(2788) Prague 2008 0-1 (36)}) ({RR} 9. dxc5 Bxc5 {1/2-1/2 (9) Gilevych,A (2406)
-Ushenina,A (2428) Montesilvano ITA 2021}) 9... Be7 10. e5 $146 ({RR} 10. dxc5
Qxd3 11. Bxd3 Bxc5 12. e5 Nd5 13. Nxd5 exd5 14. Rc1 Nd7 15. O-O Bb7 16. Bf5 Bb6
17. e6 fxe6 18. Bxe6 Nc5 19. Rfe1 Ne4 20. Be3 Bxe3 21. Rxe3 Ke7 22. Nd4 Kf6 23.
Rc7 Ke5 24. Rd3 Bc8 {Zhukova,N (2333)-Zhukovskij,V Minsk BLR 2019 1-0 (37)})
10... Nd5 11. Bxe7 Qxe7 12. Nxd5 exd5 13. dxc5 Qxc5 14. Qd4 Nd7 15. Qxc5 Nxc5
16. Rc1 Ne6 17. Kd2 Bb7 18. Ke3 O-O 19. Nd4 Rac8 20. Bd3 g6 21. Rxc8 Rxc8 22.
Nxe6 fxe6 23. Kd4 Kg7 24. f4 Rf8 25. g3 Rc8 26. Rf1 h5 27. Rf2 Kf7 28. Rc2 Bc6
29. Kc5 Ke7 30. Bxg6 d4 31. Kxd4 Rd8+ 32. Ke3 1-0

[Event "II Criciúma Chess Open - A1700 - 12-18"]
[Site "Criciúma SC"]
[Date "2024.01.17"]
[Round "8.1"]
[White "Quintiliano Pinto, Renato R."]
[Black "Umetsubo, Cesar Hidemitsu"]
[Result "1/2-1/2"]
[WhiteElo "2493"]
[BlackElo "2349"]
[PlyCount "65"]
[EventDate "2024.01.12"]
[EventRounds "9"]
[EventCountry "BRA"]

1. d4 {ChessBase/Rellstab,L} Nf6 2. c4 e6 3. Nc3 Bb4 4. e3 ({RR} 4. a3) ({RR} 
4. Qb3) ({RR} 4. Qc2) 4... c5 5. Bd3 Nc6 6. Nge2 cxd4 7. exd4 d5 8. cxd5 Nxd5
9. O-O O-O 10. a3 Be7 ({RR} 10... Nxc3 11. bxc3 Bd6 12. c4 b6 13. Bb2 Bb7 14.
Rc1 Rc8 15. f4 Na5 16. d5 exd5 17. Ng3 Nxc4 18. Bxg7 Bc5+ 19. Kh1 Ne3 20. Qh5
Kxg7 21. Qxh7+ Kf6 22. Qh6+ Ke7 23. Rfe1 d4 24. Nf5+ Kd7 25. Rxc5 {Bocharov,D 
(2607)-Khismatullin,D (2614) Ulan Ude 2009 0-1}) ({RR} 10... Ba5 11. Nxd5 exd5
12. Be3 Bc7 13. h3 Qf6 14. Qb3 Bf5 15. Bxf5 Qxf5 16. Qxb7 Rfc8 17. Rac1 Rab8
18. Qxc6 Bh2+ 19. Kxh2 Rxc6 20. Rxc6 Rxb2 21. Ng3 Qd7 22. Rfc1 h6 23. Rc8+ Kh7
24. R1c7 Qe6 25. Rf8 {Sarana,A (2685)-Shkapenko,P (2424) chess.com INT 2022
1-0 (36)}) 11. h3 $146 ({RR} 11. Qb3 Nf6 12. Rd1 b6 ({RR} 12... Nxd4 13. Nxd4
e5 14. Nf3) 13. Be3 Bb7 14. Qa2 Bd6 15. h3 ({RR} 15. Rac1) 15... Ne7 16. Rac1
Ned5 17. Qb1 Nxc3 18. Nxc3 h6 19. Qc2 ({RR} 19. Ne4 Nxe4 20. Bxe4 Bxe4 21. Qxe4
Rc8) 19... Rc8 20. Qd2 Bb8 21. Bxh6 Qd6 ({RR} 21... gxh6 22. Qxh6 Re8 23. Bb1 (
{RR} 23. Re1 Qxd4 24. Re3 Bf4) 23... Bd6 24. Rd3 Ne4) 22. g3 Qc6 23. d5 exd5
24. Ne2 Qe6 25. Bxg7 ({RR} 25. Nd4 Qe5 26. Bf4) 25... Kxg7 {Vukovic,
V-Endzelins,L Munich 1936 EXT 2018 [ChessBase/Rellstab,L] 1-0 (34)} {RR} 26.
Nd4 Qe5 27. Nf5+ Kh8 28. Qh6+ Nh7 29. Nd6 f5) ({RR} 11. Qc2 Nf6) ({RR} 11. Bb1
Re8 12. Qd3 g6 13. Ba2 Nxc3 14. bxc3 Bf6 15. Be3 b6 16. Rfd1 Bb7 17. Ng3 Na5
18. Rac1 Rc8 19. c4 Qd7 20. d5 Bg7 21. c5 Bxd5) ({RR} 11. Bb1 Nxc3 12. bxc3 b6
13. Ng3 Bb7 14. Re1 g6 15. Bh6 Re8 16. Ba2 Na5 17. c4 Bg5 18. Bxg5 Qxg5 19. d5
exd5 20. Rxe8+ Rxe8 21. cxd5 Qe5 22. Nf1 Rd8 23. Ne3 Qb2 24. h4 h5 25. a4 Rd6 {
Magerramov,E (2425)-Ruderfer,M (2390) Moscow (Russia) 1983 1/2-1/2 (36)}) ({RR
} 11. Bb1 Re8 12. Qd3 g6 13. Ba2 Nxc3 14. bxc3 Bf6 15. Be3 b6 16. Rfd1 Bb7 17.
Ng3 Na5 18. Rac1 Rc8 19. c4 Qd7 20. d5 Bg7 21. c5 Bxd5 {1/2-1/2 (21) Palliser,
R (2125)-Cobb,C (2290) Edinburgh 1997}) 11... g6 12. Bh6 Re8 13. Re1 Bf6 14.
Be4 Nxc3 15. bxc3 Bd7 16. Rb1 Na5 17. Ng3 Rc8 18. Bxb7 Nxb7 19. Rxb7 Bc6 20.
Rb1 Qa5 21. Bd2 Qxa3 22. Ra1 Qe7 23. Ne4 Bxe4 24. Rxe4 Qb7 25. Re1 e5 26. Qa4
Re7 27. Qa6 Qxa6 28. Rxa6 Kg7 29. dxe5 Rxe5 30. Rxe5 Bxe5 31. Rxa7 Bxc3 32.
Bxc3+ Rxc3 33. g3 1/2-1/2

[Event "II Criciúma Chess Open - A1700 - 12-18"]
[Site "Criciúma SC"]
[Date "2024.01.17"]
[Round "8.2"]
[White "Cubas, Jose Fernando"]
[Black "Di Berardino, Diego Rafael"]
[Result "0-1"]
[WhiteElo "2427"]
[BlackElo "2480"]
[PlyCount "80"]
[EventDate "2024.01.12"]
[EventRounds "9"]
[EventCountry "BRA"]

1. e4 c5 2. Nf3 d6 3. d4 cxd4 4. Nxd4 Nf6 5. Nc3 a6 6. Be3 e6 7. f3 b5 8. Qd2
Nbd7 9. g4 b4 10. Na4 h6 11. O-O-O Ne5 12. b3 Bd7 13. Nb2 d5 14. g5 Nxf3 $146 (
{RR} 14... hxg5 15. Bxg5 dxe4 16. Bxf6 gxf6 17. f4 Bh6 18. Kb1 Ng4 19. Nc4 Qe7
20. h3 Ne5 21. Nb6 Rd8 22. Bxa6 Qc5 23. Nxd7 Nxd7 24. Bb5 f5 25. Ba4 Bg7 26.
Nc6 Bc3 27. Qd6 Qxd6 28. Rxd6 Rc8 29. Rhd1 {Alijanzadeh,M (1846)-Serefidou,D 
(1958) Al Ain 2013 1-0 (34)}) 15. Nxf3 Nxe4 16. Qe1 hxg5 17. Ne5 Nc3 18. Nxd7
Qxd7 19. Nc4 Nxd1 20. Nb6 Qc6 21. Qxd1 Rb8 22. Na4 Be7 23. Bd3 Qc7 24. Qg1 Rh3
25. Kb1 g4 26. Bxa6 Bf6 27. Bc1 Qe5 28. Bb2 Qe4 29. Nc5 Qf3 30. Bf1 Bxb2 31.
Kxb2 Qc3+ 32. Kb1 Qe1+ 33. Kb2 Qc3+ 34. Kb1 Rc8 35. Bxh3 Rxc5 36. Bxg4 Qxc2+
37. Ka1 Qc3+ 38. Kb1 Qd3+ 39. Ka1 Rc2 40. Qd4 Qxd4+ 0-1

[Event "II Criciúma Chess Open - A1700 - 12-18"]
[Site "Criciúma SC"]
[Date "2024.01.17"]
[Round "8.3"]
[White "Hoffman, Alejandro"]
[Black "Do Valle Cardoso, Lucas"]
[Result "0-1"]
[WhiteElo "2358"]
[BlackElo "2392"]
[PlyCount "78"]
[EventDate "2024.01.12"]
[EventRounds "9"]
[EventCountry "BRA"]

1. c4 e5 2. g3 Nf6 3. Bg2 d5 4. cxd5 Nxd5 5. Nc3 Nf6 6. Nf3 Nc6 7. O-O h6 ({RR
} 7... Be7 8. a3 Be6 9. b4 Nd4 10. Rb1 Nxf3+ 11. Bxf3 c6 12. b5 O-O 13. bxc6
bxc6 14. d3 Qd7 15. Na4 Rab8 16. Be3 Nd5 17. Nc5 Qd6 18. Rxb8 Rxb8 19. Nxe6 {
1/2-1/2 (19) Contin,D (2425)-Romanishin,O (2605) Reggio Emilia 1994}) 8. d3 Bc5
({RR} 8... Bd6 9. a3 a5 10. Bd2 O-O 11. Rc1 Re8 12. Nb5 Bg4 13. h3 Bf5 14. e4
Be6 15. Bc3 Qd7 16. Kh2 a4 17. Re1 Bc5 18. d4 Bb3 19. Qd3 Bb6 20. d5 Bxf2 21.
Re2 Bb6 22. Rd2 Rad8 23. Qe2 {Kazancev,V (2313)-Blomqvist,E (2536) chess.com
INT 2022 0-1}) 9. a3 a5 10. Bd2 $146 ({RR} 10. Na4 Be7 11. Be3 O-O 12. Rc1 Be6
13. Nc5 Bd5 14. Qc2 Rb8 15. Na4 Qd7 16. Bc5 Rfc8 17. Bxe7 Qxe7 18. Qd2 Kh7 19.
Rfe1 Qd6 20. Qc3 b6 21. e4 {1-0 (21) Van Dongen,C (2135)-Coenen,A Helmondsee
2000}) ({RR} 10. Nd2 O-O 11. Rb1 Bg4 12. h3 Bh5 13. Nb3 Bb6 14. Na4 Rb8 15.
Nxb6 cxb6 16. Re1 Qd7 17. Be3 Nd4 18. Nxd4 exd4 19. Bf4 Rbc8 20. Qb3 b5 21. Kf1
Rfe8 22. g4 Bg6 23. Rbc1 h5 24. g5 Nh7 {Villiers,T (2043)-Hayward,A (1941)
Hampstead 2013 1-0 (39)}) 10... O-O 11. Rc1 Re8 12. Qc2 Bg4 13. e3 Qd7 14. Ne4
Nxe4 15. dxe4 Bf8 16. Bc3 a4 17. Nh4 g6 18. f4 Be6 19. f5 Bb3 20. Qe2 g5 21.
Nf3 f6 22. Nd2 Bf7 23. h4 Rad8 24. hxg5 hxg5 25. Kf2 Na7 26. Rfd1 Nb5 27. Nb1
Nd6 28. Bb4 b5 29. Qg4 Kg7 30. Nc3 c6 31. Qe2 Qa7 32. Nb1 Nc4 33. Bxf8+ Rxf8
34. Bf3 Rh8 35. Rxd8 Rh2+ 36. Bg2 Nxe3 37. Qxe3 Rxg2+ 38. Kxg2 Qxe3 39. Nd2 Bd5
0-1

[Event "II Criciúma Chess Open - A1700 - 12-18"]
[Site "Criciúma SC"]
[Date "2024.01.17"]
[Round "8.4"]
[White "Duarte Napoles, Fanny"]
[Black "Matsuura, Everaldo"]
[Result "0-1"]
[WhiteElo "2220"]
[BlackElo "2410"]
[PlyCount "138"]
[EventDate "2024.01.12"]
[EventRounds "9"]
[EventCountry "BRA"]

1. d4 d5 2. c4 e6 3. Nc3 Be7 4. cxd5 exd5 5. Bf4 c6 6. e3 Bd6 7. Bg3 Ne7 8. Bd3
Bf5 9. Nf3 ({RR} 9. Bxf5 Nxf5 10. Qd3 Qf6 11. Nf3 Nd7 12. O-O-O O-O-O 13. e4
Bxg3 14. hxg3 dxe4 15. Nxe4 Qe6 16. Kb1 h6 17. Rhe1 Nd6 18. d5 cxd5 19. Qc3+
Nc4 20. Ned2 Qg6+ 21. Ka1 Qf6 22. Nxc4 Qxc3 23. Nd6+ {1-0 (23) Morozevich,A 
(2750)-Jakovenko,D (2736) Moscow 2009}) 9... O-O 10. Ne5 ({RR} 10. Be2 Bg6 11.
Nh4 Bc7 12. Nxg6 hxg6 13. Qc2 Nd7 14. O-O-O Nf6 15. Kb1 Rc8 16. Be5 Nd7 17.
Bxc7 Qxc7 18. h4 Nf6 19. h5 g5 20. e4 dxe4 21. Nxe4 Nxe4 22. Qxe4 Rfe8 23. Bd3
Kf8 24. g3 Ng8 {Shipov,S (2541)-Rychagov,A (2549) chess.com INT 2021 0-1 (49)})
10... Na6 $146 ({RR} 10... Bxd3 11. Nxd3 Nf5 12. Qf3 g6 13. Bxd6 Nxd6 14. h4
Nd7 15. h5 g5 16. h6 Qe7 17. g4 Qe6 18. O-O-O Rae8 19. Qg2 Kh8 20. Kb1 Ne4 21.
Nxe4 dxe4 22. Nc5 Nxc5 23. dxc5 Rd8 24. Qg3 Rd3 25. Rxd3 {Botvinnik,M-Kurajica,
B Belgrade 1969 1-0 (63)}) 11. O-O Nc7 12. Qc2 Bxd3 13. Qxd3 f6 14. Nf3 Bxg3
15. hxg3 Nc8 16. Na4 Nd6 17. Nc5 Qe7 18. Rac1 Ne6 19. Nd2 Rae8 20. Rfe1 Ng5 21.
Qb3 Kh8 22. Qc2 Qf7 23. Nd3 Nge4 24. Nxe4 Nxe4 25. Nc5 Nd6 26. Nd3 a6 27. Qb3
Re7 28. Qb4 Rd8 29. Qb6 Rde8 30. Qb4 Ne4 31. Nc5 h5 32. Nxe4 Rxe4 33. Rc3 R8e7
34. Rb3 h4 35. f3 R4e6 36. gxh4 Qh5 37. Re2 Qxh4 38. Qe1 Qg5 39. Kf2 f5 40. f4
Qg4 41. Qa5 Rd7 42. Qc5 Rh6 43. Qf8+ Kh7 44. Re1 b5 45. Rg1 Rdd6 46. Rc3 Rdf6
47. Qc8 a5 48. Rc2 a4 49. Re2 Re6 50. Ke1 c5 51. Qxc5 Rc6 52. Qxb5 Rc1+ 53. Kf2
Qh4+ 54. g3 Qh2+ 55. Rg2 Qh1 56. e4 fxe4 57. Ke3 Qf1 58. Rgf2 Qd1 59. f5 Qg1
60. Kf4 e3 61. Rg2 Qf1+ 62. Ke5 Rc2 63. Qd3 Rc8 64. Rh2 Re8+ 65. Kxd5 Qf3+ 66.
Kc5 Qc6+ 67. Kb4 Rb8+ 68. Ka3 Qd6+ 69. Kxa4 Qb4# 0-1

[Event "II Criciúma Chess Open - A1700 - 12-18"]
[Site "Criciúma SC"]
[Date "2024.01.17"]
[Round "8.5"]
[White "Terao, Juliana Sayumi"]
[Black "Languidey, Simon Alejandro"]
[Result "1/2-1/2"]
[WhiteElo "2198"]
[BlackElo "2402"]
[PlyCount "30"]
[EventDate "2024.01.12"]
[EventRounds "9"]
[EventCountry "BRA"]

1. e4 e5 2. Nf3 Nc6 3. Bb5 a6 4. Ba4 Nge7 5. O-O Ng6 6. c3 d5 7. exd5 ({RR} 7.
d3 Be7 8. Re1 O-O 9. Nbd2 Be6 10. Nf1 b5 11. Bc2 Qd7 12. Ng3 Rad8 13. Be3 f6
14. a4 Kh8 15. h3 d4 16. Bd2 dxc3 17. bxc3 b4 18. Nf5 bxc3 19. Bxc3 Nf4 20. d4
Bxf5 21. exf5 Bb4 {Grischuk,A (2775)-Demchenko,A (2610) chess.com INT 2021 0-1
(34)}) ({RR} 7. d3 Be7 8. Re1 O-O 9. Nbd2 Be6 10. Nf1 b5 11. Bb3 dxe4 12. dxe4
Qxd1 13. Rxd1 Bxb3 14. axb3 a5 15. Ne3 Rfb8 16. Nd5 Bd6 17. Be3 f6 18. Kf1 Nf8
19. Ke2 Ne6 20. Ne1 b4 21. Rdb1 Rb7 {Morovic Fernandez,I (2510)-Demchenko,A 
(2655) Riga LAT 2021 1-0 (56)}) 7... Qxd5 8. d4 Bg4 9. Bb3 $146 ({RR} 9. dxe5
Qxd1 10. Rxd1 Be7 11. Nbd2 Ngxe5 12. Re1 Nd3 13. Bxc6+ bxc6 14. Re3 Nxc1 15.
Rxc1 Be6 16. Nd4 O-O-O 17. N2f3 Bc5 18. Re5 Bd5 19. Nxc6 Bxc6 20. Rxc5 Bxf3 21.
gxf3 Rhe8 22. Rc2 Re6 23. Rg5 Rd1+ {Ruiz C,J (2472)-Valsecchi,A (2506) Porto
Mannu Palau ITA 2019 1-0 (43)}) ({RR} 9. Nbd2 O-O-O 10. h3 Bxf3 11. Nxf3 exd4
12. Bb3 Qd7 13. cxd4 f6 14. Qe2 Re8 15. Be3 Nf4 16. Qd1 Nd5 17. Bd2 Bb4 18. Rc1
Bxd2 19. Qxd2 Re6 20. Rc5 Rd6 21. Rfc1 Re8 22. Ba4 Ree6 23. a3 g5 {Movsesian,S
(2629)-Durarbayli,V (2620) chess.com INT 2019 0-1 (42)}) ({RR} 9. c4 Qxc4 10.
Bb3 Qb4 11. Bxf7+ Kxf7 12. Ng5+ Ke8 13. Qxg4 Nxd4 14. Nc3 Rd8 15. Nxh7 Ne2+ 16.
Qxe2 Rxh7 17. Bg5 Be7 18. a3 Qb6 19. Bxe7 Kxe7 20. Rad1 Qe6 21. Rxd8 Kxd8 22.
f4 Qb6+ 23. Kh1 Qc5 {Ibar,M (2129)-Samudio,G (1689) Villa Martelli 2017 1-0})
9... Qd7 10. h3 Bxf3 11. Qxf3 Bd6 12. Be3 O-O 13. Nd2 Rae8 14. Rfe1 Kh8 15. Ne4
f6 1/2-1/2